| 000 | 00645nam a2200205 a 4500 | ||
|---|---|---|---|
| 001 | 1499 | ||
| 003 | CDMR | ||
| 005 | 20131015121555.0 | ||
| 008 | 130130s1992||||||||||||||||||||||||||||d | ||
| 020 | _a8431311746 | ||
| 040 |
_aCDMR _bcat _cCDMR |
||
| 100 | 1 |
_aSánchez Aranda, José Javier _91133 |
|
| 245 | 1 | 0 |
_aHistoria del periodismo español _b: desde sus orígenes hasta 1975 _cJ.J. Sanchez Aranda i Carlos Barrera |
| 260 |
_aPamplona _c1992 _bEUNSA |
||
| 300 |
_a545 p ; _c21 cm |
||
| 490 | 0 |
_aCiencias de la Información _v14 |
|
| 650 | 0 | 4 |
_92512 _aPeriodisme _xHistòria _zEspanya |
| 700 | 1 |
_93042 _aBarrera del Barrio, Carlos |
|
| 942 |
_cMON _2udc |
||
| 999 |
_c1499 _d1499 |
||